Cyber- bullying issues and solutions for the school, the classroom and the home
Guardat en:
| Autor principal: | |
|---|---|
| Format: | Llibre |
| Idioma: | anglès |
| Publicat: |
Routledge.
2008.
|
| Etiquetes: |
Afegir etiqueta
Sense etiquetes, Sigues el primer a etiquetar aquest registre!
|
MARC
| LEADER | 00000nam a22000007a 4500 | ||
|---|---|---|---|
| 008 | 211102b ||||| |||| 00| 0 eng d | ||
| 020 | |a 9780415424912 | ||
| 100 | |a Shariff, Shaheen. | ||
| 245 | |a Cyber- bullying |b issues and solutions for the school, the classroom and the home |c Shaheen Shariff |g xix, 299 p. : ill. | ||
| 260 | |b Routledge. |c 2008. |d Book. |h London. |i 666928. |l LB3013.3.Sh2 |m Cyberbullying. |m Bullying in schools. |m Computer crimes. |m Internet and teenagers |m Internet and children. | ||
| 500 | |a Includes bibliographical references (p. [265]-286) and index. | ||
| 942 | |a lcc |c BK |e Olagoke, M.A. |f 02/11/2021. | ||
| 952 | |0 0 |1 0 |2 lcc |4 0 |7 0 |9 3799 |a HOL |b HOL |c LP |d 2021-11-02 |o LB3013.3.Sh2 |p 2021-67531 |r 2021-11-02 00:00:00 |t 666928 |w 2021-11-02 |y BK | ||
| 999 | |c 1898 |d 1898 | ||